Statistics for Chinese Cities by Abbreviations 中國城市簡稱

Click here to take the quiz!

General Stats

  • This quiz has been taken 104 times
  • The average score is 17 of 20

Answers on the Map

Answers color-coded by a green-red scale on the quiz's map according to % correct below.
 

Answer Stats

簡稱城市% Correct
Jīng 京Beijing 北京
100%
Yú 渝Chongqing 重慶
99%
Jīn 津Tianjin 天津
99%
Hù 滬Shanghai 上海
94%
Róng 蓉Chengdu 成都
93%
Biàn 汴Kaifeng 開封
93%
Hàn 漢Wuhan 武漢
93%
Níng 寧Nanjing 南京
91%
Suì 穗Guangzhou 廣州
90%
Xī 錫Wuxi 無錫
90%
Hào 鎬Xi'an 西安
90%
Yǒng 甬Ningbo 寧波
82%
Yōng 邕Nanning 南寧
79%
Lú 廬Hefei 合肥
75%
Bìng 并Taiyuan 太原
75%
Hóng 洪Nanchang 南昌
68%
Lù 鷺Xiamen 廈門
68%
Ōu 甌Wenzhou 溫州
64%
Yuè 越Shaoxing 紹興
60%
Zhù 筑Guiyang 貴陽
54%

Score Distribution

Percentile by Number Answered

Percent of People with Each Score

Your Score History

You have not taken this quiz